|
|
|
|
| LEADER |
00000nam a2200000 a 4500 |
| 001 |
vtls001353122 |
| 003 |
SK-MaSNL |
| 005 |
20260301114851.0 |
| 008 |
180814s1977 xo a 0 slo |
| 035 |
|
|
|a SNK000306526
|
| 040 |
|
|
|a SNK
|b slo
|c SNK
|e AACR2
|
| 041 |
0 |
|
|a slo
|
| 044 |
|
|
|a xo
|c SK
|
| 080 |
|
|
|a 659.132.21
|2 1981
|
| 111 |
1 |
|
|a Branno športové hry
|n 3.
|d 1977
|c Stará Turá
|4 aut
|9 458973
|
| 245 |
1 |
|
|a 3. ročník športovo-branných hier
|b Stará Turá-Dubník, Pioniersky tábor n.p. Chirana 16.-17. septembra 1977
|
| 260 |
|
|
|a Trenčín
|b Organizačný štáb 3. BHŠ
|c 1977
|
| 300 |
|
|
|a 14 s.
|c 21 cm
|
| 650 |
0 |
7 |
|a materiály informačné
|2 SNK
|9 283411
|
| 958 |
|
|
|a OND
|
| 999 |
|
|
|c 720049
|d 721979
|
| 952 |
|
|
|t P60, <03>, [BOOK], {603}
|a SNK
|b SNK
|y PREZ
|7 0
|p 17A0174595
|o snkOSC 20024
|i snkF 59/99
|0 0
|1 0
|4 0
|d 1999-01-21
|l 0
|r 2005-01-02 00:00:00
|w 2026-02-23
|
| 952 |
|
|
|t P60, <04>, [BOOK], {604}
|a SNK
|b SNK
|y VYP
|7 0
|p 17A0174596
|o snkOSC 20024 D1
|i snkF 60/99
|0 0
|1 0
|4 0
|d 1999-01-21
|l 0
|r 2005-01-02 00:00:00
|w 2026-02-23
|